Countries with the Word "The" - Statistics

General Stats
  • This quiz has been taken 1,879 times
  • The average score is 4 of 12
Answer Stats
Hint Country % Correct
Democratic Republic of the Congo
87%
Republic of the Congo
85%
Republic of the Gambia
47%
Kingdom of the Netherlands
46%
Commonwealth of the Bahamas
34%
Republic of the Philippines
27%
Republic of the Marshall Islands
24%
Saint Vincent and the Grenadines
22%
Union of the Comoros
17%
Republic of the Sudan
16%
Republic of the Niger
11%
Republic of the Union of Myanmar
8%
No matching quizzes found
Score Distribution
Percent of People with Each Score
Percentile by Number Answered
Your Score History
You have not taken this quiz